Online
Catalog

Introducción metódica a la gramática generativa / (Record no. 23240)

MARC details
000 -CABECERA
campo de control de longitud fija 01091nam a2200277 a 4500
001 - NÚMERO DE CONTROL
campo de control 000023744
005 - FECHA Y HORA DE LA ÚLTIMA TRANSACCIÓN
campo de control 20200930022432.0
008 - DATOS DE LONGITUD FIJA--INFORMACIÓN GENERAL
campo de control de longitud fija 110112s1980 sp a r 000 0 spa d
020 ## - NÚMERO INTERNACIONAL ESTÁNDAR DEL LIBRO
Número Internacional Estándar del Libro 8437600510
040 ## - FUENTE DE LA CATALOGACIÓN
Centro catalogador/agencia de origen DO-SdBNP
Lengua de catalogación spa
Centro/agencia transcriptor BNPHHU
041 17 - CÓDIGO DE LENGUA
Código de lengua del texto/banda sonora o título independiente spa
Código de lengua original fre
Fuente del código Código de idioma MARC
082 ## - NÚMERO DE LA CLASIFICACIÓN DECIMAL DEWEY
Número de clasificación 415
Número de documento/Ítem N721i, 1980
049 ## - FONDOS LOCALES (OCLC)
Fondos de biblioteca BNGR
100 1# - ENTRADA PRINCIPAL--NOMBRE DE PERSONA
Nombre de persona Nique, Christian
9 (RLIN) 48888
240 10 - TÍTULO UNIFORME
Título uniforme Initiation méthodique à la grammaire générative.
Lenguaje de la obra Español.
245 10 - MENCIÓN DE TÍTULO
Título Introducción metódica a la gramática generativa /
Mención de responsabilidad, etc. Christian Nique ; traducción del francés de Pilar Calvo y Francisco Abad ; prólogo ; Simone Delesalle.
250 ## - MENCIÓN DE EDICIÓN
Mención de edición 3a ed.
260 ## - PUBLICACIÓN, DISTRIBUCIÓN, ETC.
Lugar de publicación, distribución, etc. Madrid :
Nombre del editor, distribuidor, etc. Cátedra,
Fecha de publicación, distribución, etc. 1980.
300 ## - DESCRIPCIÓN FÍSICA
Extensión 221 p. :
Otras características físicas il. ;
Dimensiones 22 cm.
534 ## - NOTA SOBRE LA VERSIÓN ORIGINAL
Encabezamiento principal del original Título original en francés:
Mención de título del original Initiation méthodique à la grammaire générative.
500 ## - NOTA GENERAL
Nota general Incluye referencias bibliográficas y notas al pie de las páginas
650 #4 - PUNTO DE ACCESO ADICIONAL DE MATERIA--TÉRMINO DE MATERIA
Término de materia o nombre geográfico como elemento de entrada Gramática generativa
9 (RLIN) 28093
700 1# - PUNTO DE ACCESO ADICIONAL--NOMBRE DE PERSONA
Nombre de persona Calvo, Pilar
Término indicativo de función/relación tr.
9 (RLIN) 48889
700 1# - PUNTO DE ACCESO ADICIONAL--NOMBRE DE PERSONA
Nombre de persona Abad, Francisco
Término indicativo de función/relación tr.
9 (RLIN) 48890
700 1# - PUNTO DE ACCESO ADICIONAL--NOMBRE DE PERSONA
Nombre de persona Delesalle, Simone
Término indicativo de función/relación pról.
9 (RLIN) 48891
Holdings
Estado de retiro Estado de pérdida Restricciones de uso No para préstamo Código de colección Localización permanente Ubicación/localización actual Ubicación en estantería Fecha de adquisición Número de inventario Total de préstamos Signatura topográfica completa Código de barras Fecha visto por última vez Precio válido a partir de Tipo de ítem Koha
        Monografías: Libros y Folletos General General En catalogación 12.01.2011 LF1   415 N721i, 1980 23744-10 25.06.2020 25.06.2020 Préstamo en sala

Powered by Koha